План прицерковних земель Острозької Параскево-П'ятницької церкви від 1840 р. (з фондів Державного історико-культурного заповідника м. Острога) (Запис № 576722)

МАРК-запис
000 -Лідер
fixed length control field 00982naa a2200205 4500
001 - Контрольний номер
control field 2162214035925089
003 - Ідентифікатор контрольного номера
control field UA-OsUOA
005 - Дата та час останнього входження (трансакції)
control field 20240701104444.0
008 - Елементи даних фіксованої довжини – загальна інформація
fixed length control field 240701b un ||||| |||| 00| 0 ukr d
040 ## - Джерело каталогізації
Агенція оригінальної каталогізації UA-OsUOA
Мова каталогізації ukr
Агенція, яка здійснювала перезапис UA-OsUOA
Агенція, яка здійснювала модифікацію UA-OsUOA
041 ## - Код мови
Код мови тексту/ звукової доріжки чи окремого заголовка (П) ukr
080 ## - Індекс Універсальної десяткової класифікації
Індекс Універсальної десяткової класифікації (УДК) (НП) 908
090 ## - Локальний шифр розміщення
Класифікаційний індекс УДК 908
100 ## - Основне введення – ім’я особи
Ім’я особи (НП) Вихованець Т.
9 (RLIN) 2217
245 ## - Відомості про назву
Назва (НП) План прицерковних земель Острозької Параскево-П'ятницької церкви від 1840 р. (з фондів Державного історико-культурного заповідника м. Острога)
Дані про відповідальність (НП) Вихованець Тарас
300 ## - Фізичний опис
Обсяг С. 75–79
650 ## - Додаткове предметне введення – тематичний термін
Джерело заголовка чи терміна UDC
773 0# - Введення хост-одиниці (П)
Бібліонома 341377
Host Itemnumber 368498
Місце, видавець та дата видання (НП) Острог Острозька академія 2007
Інший ідентифікатор одиниці опису 115541
Назва (НП) Записки Наукового товариства студентів та аспірантів ім. О. Оглоблина
Контрольний номер запису (П) (UA-OsUOA) 55296
Міжнародний стандартний книжковий номер (ISBN) 9667631850
942 ## - Додаткові елементи входу (Коха)
Source of classification or shelving scheme Universal Decimal Classification
Тип елемента Koha Складова частина документа

Немає доступних примірників.